Представление документа в формате RUSMARC

ПолеНазваниеЗначение
  Тип записи a
  Библиографический уровень m
001 Контрольный номер UONB/MAIN/a67ec75282e14408a345804805f51a1b
005 Дата корректировки 20260630125957.9
010 Индекс ISBN __
d Цена 80 к.
100 Данные общей обработки __
a Данные общей обработки 20260630d1868 u u0rusy0189 ca
101 Язык документа 0_
a Язык текста rus
102 Страна публикации __
a Страна публикации RU
105 Кодированные данные (монография) __
a Кодированные данные (монография) y z 000yy
200 Заглавие и сведения об ответственности 1_
a Заглавие Фискальные пошлины на предметы, служащие материалами для промышленных заведений
h Номер части Гл. 2
210 Выходные данные 1_
d Дата издания 1868
215 Физическое описание __
a Объем [2], 184 с.
461 Уровень набора _0
1 700 1
a Шипов
b А. П.
g Александр Павлович
f 1800-1878
1 2001
a Практическое применение начал рационального тарифа
f Соч. А. Шипова
v 3
1 2101
a Санкт-Петербург
c Общественная польза
d 1868-
1 300
a На тит. л. частн. загл. вып.
1 001UONB/MAIN/905b93bcef4d41c58aeabbb1c463499f
1 203
a Текст
b визуальный
c непосредственный
1 215
d 21 см
606 Тематические рубрики 0_
a Основная рубрика Внешняя торговля
y Географическая подрубрика Россия
z Хронологическая подрубрика 19 в.
606 Тематические рубрики 0_
a Основная рубрика Таможенные пошлины
610 Ключевые слова 0_
a Ключевые слова финансы в России 19 в.; внешняя торговля России; история торговли; таможенные пошлины; таможенные сборы; тарифы рациональные
675 Индекс УДК __
a Индекс УДК 337
686 Индексы других классификаций __
a Классификационный индекс 65.9(2)843
2 Код системы rubbk
686 Индексы других классификаций __
2 Код системы rubbk
a Классификационный индекс 65.428
801 Источник записи _0
a Страна RU
b Организация Ульяновская ОНБ
c Дата составления 20260630
g Правила каталогизации RCR
801 Источник записи _1
a Страна RU
b Организация Ульяновская ОНБ
c Дата составления 20260630
g Правила каталогизации RCR
901 Тип документа __
t Тип документа n
w Контрольный № источника UONB/MAIN/905b93bcef4d41c58aeabbb1c463499f
909 Создатель записи __
a Создатель записи Горбункова
b Дата создания записи 20260630